000 00513cam a2200181 4500500
005 20260405003110.0
041 _afre
042 _adc
100 1 0 _aRontard, Yseult
_eauthor
245 0 0 _aLa Nature
260 _c2020.
500 _a69
690 _aEmerson
690 _aÉtats-Unis
690 _aNature
786 0 _nPhilosophie magazine | 141 | 8 | 2020-08-01 | p. 58-58 | 1951-1787
856 4 1 _uhttps://shs.cairn.info/magazine-philosophie-magazine-2020-8-page-58?lang=fr&redirect-ssocas=7080
999 _c2064361
_d2064361